| 000 | 00727nam a2200217 4500 | ||
|---|---|---|---|
| 001 | 110179 | ||
| 003 | ES-MaACL | ||
| 005 | 20250801153128.0 | ||
| 007 | t| | ||
| 008 | 061121s1952 sp r ||||1| spa d | ||
| 100 | 1 |
_aOrczy, Emmuska Orczy, _cBaroness ( _d1865-1947) _9172956 |
|
| 245 | 1 | 3 |
_aEl triunfo de Pimpinela Escarlata / _cBaronesa de Orczy ; [ versión española de José González]. |
| 250 | _a[1ª ed.]. | ||
| 260 |
_aBarcelona : _bLuis de Caralt, _c1952. |
||
| 300 |
_a292 p. ; _c21 cm. |
||
| 490 | 1 | _aColección El amor y la aventura | |
| 700 | 1 |
_aGonzález, José. _958331 |
|
| 830 | 0 | 0 |
_aColección El amor y la aventura _9181308 |
| 852 |
_aES-MaACL _jD-8510 _bR.32995 |
||
| 999 |
_c110179 _d110179 |
||